| 000 | 00978nam a22001937a 4500 | ||
|---|---|---|---|
| 003 | OSt | ||
| 005 | 20260303083347.0 | ||
| 008 | 260224b |||||||| |||| 00| 0 eng d | ||
| 040 |
_aDWCL GS library _cOC |
||
| 082 | _aFic.D621c 2008 | ||
| 100 | _aDixon, Franklin W. | ||
| 245 |
_athe hardy boys mystery stories 21 _b: the clue of the broken blade _cFranklin W. Dixon |
||
| 260 |
_aCanada _bGrosset & Dunlap, Inc. _cc1942 |
||
| 300 |
_a178 _billustrations _c19cm |
||
| 520 | _aThe Clue of the Broken Blade (Hardy Boys #21) follows Frank and Joe Hardy as they help their fencing instructor, Ettore Russo, locate the missing half of a valuable heirloom sword, the "Adalante". The blade holds a hidden will that proves Russo is the rightful heir to a fortune, leading the boys to California to fight off rivals in a dangerous treasure hunt. | ||
| 546 | _aEnglish | ||
| 700 | _aFranklin W. Dixon | ||
| 942 |
_2ddc _cFIC. _hFic. D621c 2008 _n0 |
||
| 999 |
_c8530 _d8530 |
||